| 000 | 00506nam a2200169 4500 | ||
|---|---|---|---|
| 001 | 118527 | ||
| 003 | ES-MaACL | ||
| 005 | 20230906191122.0 | ||
| 007 | t| | ||
| 008 | 070214m19311932sp r ||||1| spa d | ||
| 100 | 1 |
_aPeters, John P. _991473 |
|
| 245 | 1 | 0 |
_aQuantitative clinical chemistry / _cby John P. Peters, Donald D. Van Slyke. |
| 260 |
_aLondon : _bBaillière, Tindall & Cox, _c1931-1932. |
||
| 300 |
_a2 v. ; _c24 cm. |
||
| 700 | 1 |
_aSlyke, Donald D. Van. _9106802 |
|
| 852 |
_aES-MaACL _jA-3661-62 |
||
| 999 |
_c118527 _d118527 |
||